| 000 | 00914nam a2200217 a 4500 | ||
|---|---|---|---|
| 008 | 060714s2003 ||||||||||||||||| || u | ||
| 020 | _a9264105743 | ||
| 050 | _aHQ 1064.A9 Org | ||
| 110 | _aOrganisation for Economic Co-operation and Development | ||
| 245 | 1 | 0 | _aAgeing and employment policies |
| 246 | _aSpain | ||
| 260 |
_aParis _bOECD _c2003 |
||
| 300 | _a119p. ill. | ||
| 350 | _a0.00 | ||
| 490 | _aAgeing and employment policies | ||
| 650 | _aLABOUR SUPPLY AND DEMAND--SPAIN | ||
| 650 | 0 | _aECONOMICS | |
| 650 | _aAGEING--EMPLOYMENT POLICY--SPAIN | ||
| 995 |
_aMAIN LIBRARY OPEN ACCESS _D0.00 _e737355 _FCBU-MAIN LIBRARY (Kitwe) _H1 _I0.00 _jHQ 1064.A9 Org _M1 _UAVAILABLE _WJul 14, 2006 _y43908 _ZMain Library Open Access Collection |
||
| 995 |
_aMAIN LIBRARY OPEN ACCESS _D0.00 _e737354 _FCBU-MAIN LIBRARY (Kitwe) _H1 _I0.00 _jHQ 1064.A9 ORG _M2 _UAVAILABLE _WMay 16, 2008 _y43905 _ZMain Library Open Access Collection |
||
| 999 |
_c83834 _d83834 |
||